| 000 | 01567cam a22003494a 4500 | ||
|---|---|---|---|
| 090 | _c10521 | ||
| 001 | 14272358 | ||
| 005 | 20061109145933.0 | ||
| 008 | 060221s2006 flua b 001 0 eng | ||
| 010 | _a 2006006350 | ||
| 020 | _a1584886439 (9781584886433 : alk. paper) | ||
| 020 | _a9781584886433 | ||
| 035 | _a(OCoLC)ocm64230369 | ||
| 040 |
_aDLC _cDLC _dBAKER _dC#P _dDLC |
||
| 042 | _apcc | ||
| 050 | 0 | 0 |
_aQA76.618 _b.D42 2006 |
| 082 | 0 | 0 |
_a005.1 _222 _bCAS |
| 100 | 1 |
_aDe Castro, Leandro N., _d1974- |
|
| 245 | 1 | 0 |
_aFundamentals of Natural Computing : _bBasic concepts, Algorithms, and Applications / _cLeandro Nunes de Castro. |
| 260 |
_aBoca Raton : _bChapman & Hall/CRC, _cc2006. |
||
| 300 |
_a662 p. : _bill. ; _c25 cm. |
||
| 440 | 0 | _aChapman & Hall/CRC computer and information science series | |
| 504 | _aIncludes bibliographical references (p. 611-638) and index. | ||
| 650 | 0 | _aEvolutionary programming (Computer science) | |
| 650 | 0 | _aNeural networks (Computer science) | |
| 650 | 0 | _aQuantum computers. | |
| 650 | 0 | _aMolecular computers. | |
| 856 | 4 | 2 |
_3Publisher description _uhttp://www.loc.gov/catdir/enhancements/fy0654/2006006350-d.html |
| 942 |
_2ddc _cBB |
||
| 999 |
_c10521 _d10521 |
||